[Event "Berlin Lichtenberger Sommer 2nd"]
[Site "Berlin"]
[Date "2003.08.21"]
[Round "6.26"]
[White "Schmidt, Peter"]
[Black "Mielke, Norman"]
[Result "1-0"]
[WhiteElo "2061"]
[BlackElo "1919"]
[PlyCount "105"]
[EventDate "2003.08.16"]
[EventType "swiss"]
[EventRounds "9"]
[EventCountry "GER"]
[SourceTitle "EXT 2022"]
[Source "ChessBase"]
[SourceDate "2021.10.06"]
[SourceVersion "1"]
[SourceVersionDate "2021.10.06"]
[SourceQuality "1"]

1. f4 Nf6 2. Nf3 g6 3. b3 Bg7 4. Bb2 0-0 5. e3 d5 6. Be2 c5 7. Ne5 Nc6 8. Nxc6 bxc6 9. 0-0 Ne4 10. Bxg7 Kxg7 11. d3 Nf6 12. Nd2 a5 13. a4 Qd6 14. Qe1 Ba6 15. Qg3 Rab8 16. Rad1 Qc7 17. Rf2 Rb4 18. e4 dxe4 19. dxe4 Bxe2 20. Rxe2 Rd4 21. c3 Rdd8 22. Rf1 Rxd2 23. Rxd2 Nxe4 24. Qe3 Nxd2 25. Qxd2 Rd8 26. Qe3 Rd5 27. Re1 e6 28. h3 Qd6 29. c4 Rd3 30. Qe5+ Qxe5 31. Rxe5 Rxb3 32. Rxc5 Rb4 33. Rxc6 Rxa4 34. Kf2 Ra1 35. Ke3 Kf6 36. Rc7 h5 37. Kd4 a4 38. Ra7 h4 39. c5 a3 40. Kc3 Rc1+ 41. Kb4 Rb1+ 42. Kc4 Rc1+ 43. Kb5 Rb1+ 44. Kc6 Rb3 45. Kd7 Rd3+ 46. Kc7 Ke7 47. c6 Rb3 48. Kc8+ Ke8 49. c7 f6 50. Rb7 Rc3 51. Kb8 a2 52. Ra7 Rb3+ 53. Rb7 1-0

[Event "Niedersachsen-ch"]
[Site "Bad Lauterberg"]
[Date "2003.04.17"]
[Round "8.8"]
[White "Dunkhorst, Olaf"]
[Black "Mielke, Norman"]
[Result "0-1"]
[WhiteElo "2014"]
[BlackElo "1872"]
[PlyCount "52"]
[EventDate "2003.??.??"]
[EventType "swiss"]
[EventRounds "9"]
[EventCountry "GER"]
[SourceTitle "EXT 2004"]
[Source "ChessBase"]
[SourceDate "2003.11.25"]
[SourceVersion "1"]
[SourceVersionDate "2003.11.25"]
[SourceQuality "1"]

1. e4 c5 2. d4 cxd4 3. c3 dxc3 4. Nxc3 d6 5. Bc4 e6 6. Nf3 Be7 7. 0-0 Nc6 8. Qe2 a6 9. Rd1 Bd7 10. a3 Nf6 11. h3 Ne5 12. Nxe5 dxe5 13. f4 Qc7 14. f5 exf5 15. Bg5 Bc5+ 16. Kh1 Nxe4 17. Nxe4 fxe4 18. Qxe4 0-0 19. Rac1 Bc6 20. Qg4 Be7 21. Bh6 Bf6 22. Rc3 Kh8 23. Bd3 Rad8 24. Rf1 Qe7 25. Rxc6 bxc6 26. Qf5 Rxd3 0-1

[Event "Niedersachsen-ch"]
[Site "Bad Lauterberg"]
[Date "2003.04.13"]
[Round "3.6"]
[White "Mielke, Norman"]
[Black "Karwatt, Lothar"]
[Result "1/2-1/2"]
[WhiteElo "1872"]
[BlackElo "2056"]
[PlyCount "76"]
[EventDate "2003.??.??"]
[EventType "swiss"]
[EventRounds "9"]
[EventCountry "GER"]
[SourceTitle "EXT 2004"]
[Source "ChessBase"]
[SourceDate "2003.11.25"]
[SourceVersion "1"]
[SourceVersionDate "2003.11.25"]
[SourceQuality "1"]

1. f4 Nf6 2. Nf3 g6 3. g3 Bg7 4. Bg2 0-0 5. 0-0 c5 6. d3 d5 7. Qe1 Nc6 8. h3 Re8 9. Qf2 b6 10. Ne5 Bb7 11. Nxc6 Bxc6 12. e4 dxe4 13. Nc3 e3 14. Bxe3 Bxg2 15. Kxg2 Nd5 16. Qd2 Qd7 17. Rae1 Rad8 18. Nd1 Qc6 19. Kh2 e6 20. Qg2 Nb4 21. Qxc6 Nxc6 22. a3 Nd4 23. Rf2 Nf5 24. Bd2 h5 25. Bc3 Bd4 26. Rd2 c4 27. dxc4 Bxc3 28. Rxd8 Rxd8 29. Nxc3 Rd2+ 30. Re2 Rd4 31. b3 h4 32. g4 Ng3 33. Rf2 a6 34. a4 Kf8 35. Kg2 Ke7 36. Kf3 f6 37. Ne2 Nxe2 38. Kxe2 e5 1/2-1/2